Statistics for Companies That Have Landed On The Moon

Click here to take the quiz!

General Stats

  • This quiz has been taken 6 times
  • The average score is 3 of 5

Answer Stats

Companies% Correct
NASA
100%
JAXA
50%
CNSA
33%
Interkosmos
33%
ISRO
33%

Score Distribution

Percentile by Number Answered

Percent of People with Each Score

Your Score History

You have not taken this quiz